Greek History A-Z - Statistics

General Stats
  • This quiz has been taken 42 times
  • The average score is 15 of 26
Answer Stats
Hint Answer % Correct
A King who conquered the Persian Empire and spread Greek culture Alexander the Great
95%
H Author of the Illiad Homer
95%
O Mountain where all the gods were Mount {Olympus}
92%
Z King of the Gods in Greek mythology Zeus
89%
S Philosopher who taught Aristotle and died by poison Socrates
86%
R Island where one of the Ancient wonders, the Colossus, once stood Rhodes
84%
B Original name for Istanbul, before Constantinople Byzantium
76%
E Mathematician known as the "father of geometry" Euclid
76%
M Civilization in Crete from 3000-1400 BC {Minoan} Civilization
76%
D Religious site famous for its oracle Delphi
73%
W In Greek mythology, Dionysus was the god of this Wine
73%
P 27-year war between Athens and Sparta {Peloponnesian} War
68%
J Roman Emperor ruled from Constantinople with his wife Theodora Justinian
65%
V Powerful republic that conquered parts of Greece after the fall of the Byzantine Empire Republic of {Venice}
62%
U Greek realm of the dead, ruled by Hades Underworld
62%
X Persian king who launched the Second Persian invasion of Greece in 480 BC Xerxes I
62%
C King of Greece during World War I King {Constantine} I
46%
G "Weapon" used by the Byzantine army to burn enemy ships Greek fire
43%
K Palace complex and center of M in Crete Knossos
41%
T Battle between the Spartans and the Persian army at a mountain pass Thermopylae
38%
Y Group of people that persecuted and expelled Greeks from Asia Minor and Thrace from 1914-1923 {Young} Turks
38%
F Revolutionary organization to overthrow Ottoman rule, known as Filiki Eteria Society of {Friends}
30%
I First leader of modern Greece {Ioannis} Kapodistrias
27%
N 1827 battle where an allied European fleet destroyed the Ottoman Navy Battle of {Navarino}
14%
L Treaty that defined modern Greece's borders with Turkey Treaty of {Lausanne}
14%
Q Ancient four-horse chariot used in chariot racing Quadriga
11%
No matching quizzes found
Score Distribution
Percent of People with Each Score
Percentile by Number Answered
Your Score History
You have not taken this quiz